00406nam a2200181Ia 4500008004100000020001400041050001400055100001600069245002400085245001600109260001500125260001600140260000900156300001400165300002700179300001000206500000800216170918s9999 xx 000 0 und d a590367943 bB879 1989 aBrown, Marc aArthur's birthday / cMarc Brown. aNew York : bScholastic, c1989 aunpaged : bcolored illustration ; c25cm. a260